000 00487nam a22001697a 4500
005 20250620090752.0
008 250620b |||||||| |||| 00| 0 eng d
020 _a978-0-7637-9128-5
100 _aBALLAD BILL
245 _aACCESS CONTROL, AUNTHENTICATION, AND PUBLIC KEY INFRASTRUCTURE
260 _aLONDON
_bJONES and BAERLETT
300 _aXVII,391P.
500 _aINCLUDES AN INDEX
650 _aCOMPUTERS-ACCESS
700 _aBALLAD, TRICIA AND ERIN BANKS
942 _2lcc
_cBK
999 _c215722
_d215722